|
|
|
|
| LEADER |
01117nam a2200265 a 4500 |
| 001 |
GR-Patra32362 |
| 008 |
120921s2009 gr g b 001 0 eng d |
| 020 |
|
|
|a 9781416047490
|
| 040 |
|
|
|a GrPaTEI
|b gre
|c GR-PaULI
|
| 040 |
|
|
|a GrPaTEI
|b gre
|c GR-PaULI
|
| 082 |
|
0 |
|a 617.47106
|2 22
|
| 100 |
1 |
|
|a Olson, Kenneth A.
|
| 245 |
1 |
0 |
|a Manual physical therapy of the spine /
|c Kenneth A. Olson.
|
| 260 |
|
|
|a Missouri :
|b Saunders,
|c c2009
|
| 300 |
|
|
|a xiii, 354σ. :
|b εικ.
|
| 500 |
|
|
|a Το αντίτυπο με αριθμ. εισαγ. 51837 βρίσκεται στη βιβλιοθήκη του Παραρτήματος Αιγίου
|
| 504 |
|
|
|a Περιλαμβάνει βιβλιογραφίες και ευρετήριο.
|
| 650 |
|
0 |
|a MANIPULATION (THERAPEUTICS)
|
| 650 |
|
0 |
|a Physical therapy
|
| 650 |
|
0 |
|a Spine
|x Diseases
|x Treatment
|
| 710 |
0 |
|
|a Saunders
|
| 942 |
|
|
|2 ddc
|
| 952 |
|
|
|0 0
|1 0
|2 ddc
|4 0
|6 617_471000000000000_6_OLS
|7 0
|9 369229
|a LISP
|b LISP
|c BSC
|d 2023-02-24
|i 51837
|l 0
|o 617.4710 6 OLS
|p 025000298113
|r 2023-02-24 00:00:00
|t 1
|w 2023-02-24
|y BK15
|
| 971 |
|
|
|a .b26799340
|b 15-04-20
|c 26-09-16
|
| 999 |
|
|
|c 179617
|d 179617
|